Datum a čas kvízu
35.5
Celkem bodů
Celkový počet nahraných bodů na tomto kvízu bez doplňovacích otázek.
8.
Pořadí na kvízu
Konečné umístění týmu na tomto kvízu.
Zaznamenané odpovědi
| # | Otázka | Odpověď | Body | Výsledky |
|---|---|---|---|---|
| 1. | Čtvrt roku byli na cestě a ura... | D) Velorex | 0 | |
| 2. | V rakouském St. Pölten se na t... | o losa | 1 | |
| 3. | V noci ze středy na čtvrtek by... | Jimmy Kimmel | 1 | |
| 4. | Společnost China Eastern Airli... | Buenos Aires | 0 | |
| 5. | Českému hokejistovi Jakubu Lau... | Michigan | 0 | |
| 6. | Ve spolupráci s Radou Evropy j... | 1B 2C 3D 4A | 0 | |
| 7. | Pokud vám prozradíme, že červe... | július | 1 | |
| 8. | Jak se jmenuje autonomní oblas... | Vojvodina | 1 | |
| 9. | Která z těchto knih nebyla nap... | B | 1 | |
| 10. | Pozoruhodným jazykem je velšti... | křeček | 0 |